000 00756nam a2200265Ia 4500
003 OSt
005 20221005085911.0
006 a|||||r|||| 00| 0
007 ta
008 221004b |||||||| |||| 00| 0 eng d
020 _a0061099341 (PBK)
_cIndian Rupees 193
024 _a70587
037 _bGift, 03/12/2021,
_cTextual
040 _aCRL
_cCRL
_beng
041 _2eng
_aeng
082 _aO111,3N40,AT, N1
100 _aArcher Jeffrey Au.
245 0 _aAs the crow flies
260 _aNew York
_bHarper Torch USA
_c1991
300 _a790p.
_ccm.
650 _a ENGLISH LITERATURE
650 _aENGLISH FICTION
942 _hO111,3N40,AT, N1
_cTEXL
_2cc
999 _c994953
_d994953